• 首页
  • 本馆介绍
  • 公告通知
  • 最新文献
  • 馆藏检索
  • 电子资源
  • 读者导购
  • 参考咨询
  • 我的图书馆
  • 登录
  • 详细信息显示
  • 放入我的书架
  • 预约/预借图书
  • 作者相关作品
  • 分类相关作品
  • 丛书相关作品
  • 出版社相关作品

书目信息

  • 表格格式
  • 工作单格式
  • 卡片格式
题名:
城市创业能力
    
 
作者: 王燕梅 编著 ;朱明德 策划
分册:  
出版信息: 北京   中国经济出版社  2005
页数: 188页
开本: 21cm
丛书名:
单 册:
中图分类: F290
科图分类:
主题词: 城市经济--投资环境--研究
电子资源:
ISBN: 7-5017-6951-6
000 00875nam0 2200229 450
001 TS2006025430
005 20070120154921.96
010    @a7-5017-6951-6@dCNY12.00
100    @a20060829d2005 ekmy0chiy0120 ea
101 0  @achi
102    @aCN@b110000
105    @ay z 000yy
200 1  @a城市创业能力@ACheng Shi Chuang Ye Neng Li@f王燕梅等编著@FWang Yan Mei Deng Bian Zhu@g朱明德策划
210    @a北京@c中国经济出版社@d2005
215    @a188页@d21cm
330    @a本书以北京市为研究个案,总结了北京城市发展的经验和存在的不足,提出了“城市创业能力”这一新概念,开辟了一个新的研究领域,探索了从哪些方面去思考和提升城市的经济实力,建设一个和谐、健康、有利于创业的环境。
606 0  @a城市经济@x投资环境@x研究
690    @aF290@v4
701  0 @a王燕梅@AWang Yan Mei@4编著
702  0 @a朱明德@AZhu Ming De@4策划
801  0 @aCN@b中图数据@c20070120
905    @a10447@dF290@e421
    
    城市创业能力/王燕梅等编著/朱明德策划.-北京:中国经济出版社,2005
    188页;21cm
    
    
    ISBN 7-5017-6951-6:CNY12.00
    本书以北京市为研究个案,总结了北京城市发展的经验和存在的不足,提出了“城市创业能力”这一新概念,开辟了一个新的研究领域,探索了从哪些方面去思考和提升城市的经济实力,建设一个和谐、健康、有利于创业的环境。
●
相关链接 在E读中查询图书 在五车中查询图书 在当当中查询图书 在豆瓣中查询图书


正题名:城市创业能力     索取号:F290/421         预约/预借

序号 登录号 条形码 馆藏地/架位号 状态 备注
1 0600854   206008540   第一样本阅览室/ [索取号:F290/421] 在馆    
2 0600855   206008559   第一借阅区/ [索取号:F290/421] 在馆    
3 0600856   206008568   第一借阅区/ [索取号:F290/421] 在馆    
4 0600857   206008577   密集书库/ [索取号:F290/421] 在馆    
5 0600858   206008586   密集书库/ [索取号:F290/421] 在馆    
6 0600859   206008595   密集书库/ [索取号:F290/421] 在馆    
7 0600860   206008602   第一借阅区/ [索取号:F290/421] 在馆    
8 0600861   206008611   密集书库/ [索取号:F290/421] 在馆    
9 0600862   206008620   第一借阅区/ [索取号:F290/421] 在馆    
10 0600863   206008639   密集书库/ [索取号:F290/421] 在馆    
唐山师范学院图书馆 欢迎您!
大连网信软件有限公司© 版权所有